| 000 | 01021cam a2200217 4500 | ||
|---|---|---|---|
| 001 | ##L135060 | ||
| 008 | 060921n2006 000 0 eng u | ||
| 035 | _a(Sirsi) u135060 | ||
| 041 | 0 | _aeng | |
| 050 | 0 | 4 | _a333.72 $2 18 |
| 100 | 1 | _aCowell, Richard | |
| 245 | 0 | 0 | _aTowards sustainable land management |
| 260 |
_aLondon _bNational Trust _c2006 |
||
| 520 | _aExamines the benefits which are offered by sustainable land management, and discusses the obstacles which need to be overcome in implementing such a system. Argues that such a system must be accountable to and involve the general public. | ||
| 590 | _aIKA031006 NTK | ||
| 651 | 4 |
_aUnited Kingdom _y |
|
| 690 | _aENVIRONMENTAL AND LAND CONSULTANCY-ENVIRONMENTAL MANAGEMENT | ||
| 710 | 2 |
_aNational Trust _91987 |
|
| 856 | 4 | 0 |
_uhttps://tourisminsights.info/ONLINEPUB/NATIONAL%20TRUST/REPORT/NATIONAL%20TRUST%20(2006),%20Towards%20Sustainable%20Land%20Management,%20NT,%20London..pdf _zView the report free of charge at www.nationaltrust.org.uk |
| 942 | _n0 | ||
| 999 |
_c105897 _d105897 |
||